000 00506nam a2200157Ia 4500
008 210716s2012 xx 000 0 und d
020 _a9780749463960
041 _aeng
082 _a658.4092 MURK
100 _aMurrray, Kevin.
245 _aLanguage of leaders: how top ceos communicate to inspire influence and achieve results.
_bHow top ceos communicate to inspire influence and achieve results.
250 _a1
260 _aNew Delhi
_bKogan Page
_c2012
300 _aix,229
650 _aLeadership
999 _c207775
_d207775